[Event "Moscow-ch op Superfinal"]
[Site "Ershovo"]
[Date "2024.02.29"]
[Round "9"]
[White "Lisenkov, Svyatoslav"]
[Black "Tarasenko, Iaroslav"]
[Result "1-0"]
[WhiteElo "2171"]
[BlackElo "2034"]
[PlyCount "47"]
[EventDate "2024.02.23"]
[EventType "swiss"]
[EventRounds "10"]
[EventCountry "RUS"]
[SourceTitle "CB10_2024"]
[SourceDate "2024.03.06"]
[SourceVersion "1"]
[SourceVersionDate "2024.03.06"]
[SourceQuality "1"]

1. e4 c5 2. Nf3 e6 3. d4 cxd4 4. Nxd4 a6 5. Be2 Nf6 6. Nc3 Qc7 7. 0-0 Nc6 8. Be3 Be7 9. f4 d6 10. Qe1 0-0 11. Kh1 Nxd4 12. Bxd4 b5 13. Qg3 Bb7 14. a3 Ne8 15. Bd3 Bf6 16. e5 dxe5 17. fxe5 Rd8 18. Ne2 Be7 19. c3 g6 20. Qf2 Ng7 21. Ng3 Nf5 22. Bxf5 gxf5 23. Nxf5 Kh8 24. Bb6 1-0

[Event "Khanty-Mansiysk Governor Cup 19th"]
[Site "Khanty-Mansiysk"]
[Date "2023.11.23"]
[Round "7"]
[White "Volkov, Maksim"]
[Black "Lisenkov, Svyatoslav"]
[Result "1-0"]
[WhiteElo "2260"]
[BlackElo "2080"]
[PlyCount "139"]
[EventDate "2023.11.17"]
[EventType "swiss"]
[EventRounds "9"]
[EventCountry "RUS"]
[SourceTitle "CB48_2023"]
[SourceDate "2023.11.29"]
[SourceVersion "1"]
[SourceVersionDate "2023.11.29"]
[SourceQuality "1"]

1. e4 e5 2. Nf3 Nc6 3. Bc4 Bc5 4. c3 Nf6 5. d3 0-0 6. 0-0 d6 7. Re1 a5 8. Nbd2 Ba7 9. h3 Qe7 10. Nf1 Be6 11. Bb5 Bd7 12. Ba4 h6 13. Ng3 Qd8 14. a3 Ne7 15. Bc2 Ng6 16. d4 Be6 17. Be3 Re8 18. Qd2 c6 19. Rad1 Qc7 20. Nf5 Bxf5 21. exf5 Nf8 22. Bxh6 N8h7 23. dxe5 dxe5 24. Be3 Rad8 25. Qc1 Rxd1 26. Bxd1 Bb8 27. g3 Nd5 28. Bd4 f6 29. Nh4 Ng5 30. Kg2 Qd7 31. Bc5 Bd6 32. Be3 Nf7 33. Bb3 b5 34. Rd1 Rd8 35. Kh2 Qb7 36. Qc2 a4 37. Ba2 Bc7 38. Ng6 Bb6 39. Bxb6 Qxb6 40. Bxd5 cxd5 41. Ne7+ Kh7 42. Nxd5 Qc5 43. Ne3 Rxd1 44. Qxd1 Nd6 45. h4 Nc4 46. Qh5+ Kg8 47. Qe8+ Kh7 48. Ng4 Nxb2 49. h5 e4 50. Qd7 Qf8 51. h6 Kh8 52. Qxb5 Nd1 53. hxg7+ Qxg7 54. Qe8+ Kh7 55. Qxe4 Nxc3 56. Qd4 Nd5 57. f3 Qe7 58. Qxd5 Qe2+ 59. Kg1 Qe1+ 60. Kg2 Qe2+ 61. Nf2 Kh8 62. Qa8+ Kg7 63. Qxa4 Qa2 64. Qa7+ Kh6 65. a4 Kg5 66. Qg7+ Kxf5 67. g4+ Kf4 68. Qxf6+ Ke3 69. Qe5+ Kd2 70. Qd4+ 1-0

[Event "Titled Tuesday intern op 05th Sep Early"]
[Site "Chess.com INT"]
[Date "2023.09.05"]
[Round "6"]
[White "Lisenkov, Svyatoslav"]
[Black "Kazakouski, Valery"]
[Result "0-1"]
[WhiteElo "2038"]
[BlackElo "2558"]
[PlyCount "90"]
[EventDate "2023.09.05"]
[EventType "swiss (blitz)"]
[EventRounds "11"]
[EventCountry "USA"]
[SourceTitle "EXT 2024"]
[Source "ChessBase"]
[SourceDate "2023.10.10"]
[SourceVersion "1"]
[SourceVersionDate "2023.10.10"]
[SourceQuality "1"]

1. e4 c5 2. Nf3 a6 3. a3 b5 4. b4 cxb4 5. axb4 Bb7 6. d3 e6 7. Bb2 Bxb4+ 8. c3 Be7 9. Nbd2 Nf6 10. Qc2 Nc6 11. e5 Nd5 12. d4 d6 13. exd6 Qxd6 14. Ne4 Qc7 15. Bd3 0-0 16. 0-0 Nf4 17. Rfe1 Nxd3 18. Qxd3 h6 19. Ng3 Rfd8 20. Nh5 Rd5 21. Ng3 Rad8 22. Qe3 Na5 23. Ne5 Nc4 24. Nxc4 Qxc4 25. Ne4 e5 26. Nd2 Qc6 27. Nf3 Bf6 28. c4 bxc4 29. dxe5 Be7 30. e6 fxe6 31. Qxe6+ Qxe6 32. Rxe6 Bf8 33. h3 Rb5 34. Bc3 Bxf3 35. gxf3 Rd3 36. Be1 Rg5+ 37. Kf1 Rxf3 38. h4 Rg4 39. Raxa6 Rxh4 40. Ra8 Kh7 41. Ree8 Bc5 42. Rh8+ Kg6 43. Rac8 Be7 44. Rc7 Bf6 45. Rhc8 Rff4 0-1

[Event "Titled Tuesday intern op 15th Aug Early"]
[Site "Chess.com INT"]
[Date "2023.08.15"]
[Round "10"]
[White "Sahakyan, Aleks"]
[Black "Lisenkov, Svyatoslav"]
[Result "0-1"]
[WhiteElo "2243"]
[BlackElo "2089"]
[PlyCount "138"]
[EventDate "2023.08.15"]
[EventType "swiss (blitz)"]
[EventRounds "11"]
[EventCountry "USA"]
[SourceTitle "EXT 2024"]
[Source "ChessBase"]
[SourceDate "2023.10.10"]
[SourceVersion "1"]
[SourceVersionDate "2023.10.10"]
[SourceQuality "1"]

1. e4 c5 2. Nc3 Nc6 3. Bb5 Nd4 4. Nf3 Nxb5 5. Nxb5 d5 6. exd5 a6 7. Nc3 Nf6 8. d4 Nxd5 9. Nxd5 Qxd5 10. Be3 Bg4 11. dxc5 Bxf3 12. Qxf3 Qxf3 13. gxf3 e6 14. Ke2 a5 15. c3 Kd7 16. a4 Kc6 17. b4 e5 18. Rhd1 Be7 19. b5+ Kc7 20. Kd3 Rac8 21. Ke4 f6 22. f4 Kb8 23. Rd5 exf4 24. Bxf4+ Ka8 25. Rad1 Bxc5 26. Kf3 Bb6 27. R1d3 Rc4 28. Be3 Bxe3 29. fxe3 Rxa4 30. b6 Rb8 31. e4 Rc8 32. Rd8 Kb8 33. R8d7 Rac4 34. Rxg7 R4c6 35. Rxh7 Rxb6 36. Kf4 a4 37. Rd4 Ra6 38. Rb4 Rc7 39. Rxc7 Kxc7 40. Rb2 a3 41. Ra2 Kc6 42. h4 Kc5 43. h5 Kc4 44. h6 Kb3 45. Ra1 Kb2 46. Rh1 a2 47. h7 Ra8 48. Kf5 Kxc3 49. Kxf6 b5 50. e5 b4 51. e6 b3 52. e7 b2 53. h8Q Rxh8 54. Rxh8 a1Q 55. Rc8+ Kb4 56. Rb8+ Kc5 57. Kf7 Qf1+ 58. Ke6 Qe2+ 59. Kd7 Qd2+ 60. Kc8 Qe3 61. Kd8 Qd4+ 62. Kc8 Qe4 63. Kd8 Qd5+ 64. Kc8 Qe6+ 65. Kd8 Qd6+ 66. Kc8 Qxe7 67. Rxb2 Qf8+ 68. Kb7 Qg7+ 69. Ka8 Qxb2 0-1

[Event "Titled Tuesday intern op 08th Aug Early"]
[Site "Chess.com INT"]
[Date "2023.08.08"]
[Round "5"]
[White "Christiansen, Johan Sebastian"]
[Black "Lisenkov, Svyatoslav"]
[Result "0-1"]
[WhiteElo "2603"]
[BlackElo "2089"]
[PlyCount "148"]
[EventDate "2023.08.08"]
[EventType "swiss (blitz)"]
[EventRounds "11"]
[EventCountry "USA"]
[SourceTitle "EXT 2024"]
[Source "ChessBase"]
[SourceDate "2023.10.10"]
[SourceVersion "1"]
[SourceVersionDate "2023.10.10"]
[SourceQuality "1"]

1. e4 c5 2. Nf3 d6 3. Nc3 a6 4. g3 g6 5. d4 cxd4 6. Qxd4 Nf6 7. Qe3 Bg7 8. Bd2 Nc6 9. Bg2 Bg4 10. 0-0 0-0 11. Ne1 Nd7 12. Nd3 Nd4 13. Rac1 Nb6 14. h3 Nc4 15. Qe1 Bf3 16. Bf4 Qd7 17. b3 Na3 18. Nb4 Rac8 19. Nbd5 Rc6 20. Bg5 f6 21. Be3 Ndxc2 22. Qd2 Bxg2 23. Kxg2 e6 24. Nb6 Nxe3+ 25. Qxe3 Qc7 26. Nca4 Nc2 27. Qd2 f5 28. exf5 gxf5 29. Nc4 Nd4 30. Ne3 b5 31. Nb2 Qb7 32. Rxc6 Qxc6+ 33. f3 Rc8 34. Nbd1 Nc2 35. Rf2 Nxe3+ 36. Nxe3 Bh6 37. Qe2 Qc5 38. Nc2 Qc6 39. Nd4 Qd5 40. Qxe6+ Qxe6 41. Nxe6 Kf7 42. Nd4 Be3 43. Nxf5 Bxf2 44. Nxd6+ Ke6 45. Nxc8 Bc5 46. b4 Bxb4 47. Nb6 Bc5 48. Na8 Kd7 49. f4 b4 50. Kf3 Kc6 51. Ke4 Kb7 52. Kd5 Bf8 53. g4 Kxa8 54. Kc6 a5 55. Kb5 Kb7 56. g5 Be7 57. h4 Kc7 58. f5 Kd7 59. f6 Bf8 60. Kxa5 Ke6 61. Kb5 Kf7 62. h5 Ke6 63. Kc4 Kf5 64. g6 hxg6 65. hxg6 Kxg6 66. Kb3 Kxf6 67. a4 bxa3 68. Ka2 Ke5 69. Kb3 Kd4 70. Ka2 Kc3 71. Ka1 Kb3 72. Kb1 Bg7 73. Kc1 a2 74. Kd2 a1Q 0-1

[Event "Titled Tuesday intern op 01st Aug Early"]
[Site "Chess.com INT"]
[Date "2023.08.01"]
[Round "3"]
[White "Cieslak, Patryk"]
[Black "Lisenkov, Svyatoslav"]
[Result "1-0"]
[WhiteElo "2270"]
[BlackElo "2089"]
[PlyCount "115"]
[EventDate "2023.08.01"]
[EventType "swiss (blitz)"]
[EventRounds "11"]
[EventCountry "USA"]
[SourceTitle "EXT 2024"]
[Source "ChessBase"]
[SourceDate "2023.10.10"]
[SourceVersion "1"]
[SourceVersionDate "2023.10.10"]
[SourceQuality "1"]

1. e4 c5 2. Nf3 e6 3. d4 cxd4 4. Nxd4 Nf6 5. Nc3 Nc6 6. a3 Be7 7. Be3 0-0 8. f4 e5 9. Nxc6 dxc6 10. f5 Nd7 11. Qf3 Bg5 12. 0-0-0 Bxe3+ 13. Qxe3 Qe7 14. g4 b5 15. g5 b4 16. Nb1 bxa3 17. Nxa3 Qc5 18. Qxc5 Nxc5 19. Re1 f6 20. Bc4+ Kh8 21. gxf6 gxf6 22. Rhg1 Ba6 23. Ba2 Rab8 24. Rg4 Rfd8 25. Reg1 Be2 26. Rg7 Rd1+ 27. Rxd1 Kxg7 28. Rd6 Nxe4 29. Rxc6 Rd8 30. Rc7+ Kh6 31. b4 Kg5 32. Kb2 Kxf5 33. Rxa7 Ng5 34. h4 Nf3 35. Rxh7 e4 36. b5 e3 37. Re7 Ne5 38. b6 Rb8 39. b7 Ba6 40. Kc3 Rxb7 41. Rxb7 Bxb7 42. Nc4 Nxc4 43. Bxc4 Kf4 44. h5 Kf3 45. Bd3 Bd5 46. h6 Bg8 47. Kd4 e2 48. Bxe2+ Kxe2 49. c4 Kf3 50. c5 f5 51. c6 f4 52. c7 Ke2 53. c8Q f3 54. Qxg8 f2 55. Qg2 Ke1 56. Qxf2+ Kxf2 57. h7 Kg3 58. h8Q 1-0

[Event "Titled Tuesday intern op 01st Aug Early"]
[Site "Chess.com INT"]
[Date "2023.08.01"]
[Round "11"]
[White "Rosen, Eric S"]
[Black "Lisenkov, Svyatoslav"]
[Result "1/2-1/2"]
[WhiteElo "2341"]
[BlackElo "2089"]
[PlyCount "114"]
[EventDate "2023.08.01"]
[EventType "swiss (blitz)"]
[EventRounds "11"]
[EventCountry "USA"]
[SourceTitle "EXT 2024"]
[Source "ChessBase"]
[SourceDate "2023.10.10"]
[SourceVersion "1"]
[SourceVersionDate "2023.10.10"]
[SourceQuality "1"]

1. Nf3 Nf6 2. b3 g6 3. Bb2 Bg7 4. d4 d5 5. e3 0-0 6. Be2 c5 7. 0-0 Ne4 8. Nbd2 Nc6 9. c4 Bg4 10. cxd5 Qxd5 11. h3 Bf5 12. g4 Nxd2 13. Qxd2 Be4 14. Bc4 Qd7 15. Ng5 Bd5 16. dxc5 Rad8 17. Bxg7 Kxg7 18. Rad1 e6 19. e4 Bxc4 20. Qc3+ Nd4 21. Qxc4 e5 22. f4 h6 23. c6 bxc6 24. fxe5 hxg5 25. e6 Nf3+ 26. Kf2 Qxe6 27. Kxf3 Qf6+ 28. Kg2 Qb2+ 29. Rf2 Qe5 30. Rdf1 f6 31. a4 Rd4 32. Qxc6 Qxe4+ 33. Qxe4 Rxe4 34. Rf3 Re2+ 35. Kg3 Rb2 36. Rc3 Rd8 37. Rf2 Rdd2 38. Rxd2 Rxd2 39. Rc7+ Kh6 40. Rxa7 Rd3+ 41. Kg2 Rxb3 42. Ra6 Kg7 43. a5 Ra3 44. Kh2 f5 45. gxf5 gxf5 46. Ra8 Kf6 47. a6 Kg7 48. Kg2 Rb3 49. Kh2 Ra3 50. Ra7+ Kg6 51. Kg2 Kf6 52. Ra8 Kg7 53. Kh2 Kh7 54. Kg2 Kg7 55. Ra7+ Kg6 56. Kh2 Kf6 57. Ra8 Kg7 1/2-1/2

[Event "Titled Tuesday intern op 01st Aug Early"]
[Site "Chess.com INT"]
[Date "2023.08.01"]
[Round "1"]
[White "Vila Dupla, Aurelio"]
[Black "Lisenkov, Svyatoslav"]
[Result "0-1"]
[WhiteElo "2030"]
[BlackElo "2089"]
[PlyCount "54"]
[EventDate "2023.08.01"]
[EventType "swiss (blitz)"]
[EventRounds "11"]
[EventCountry "USA"]
[SourceTitle "EXT 2024"]
[Source "ChessBase"]
[SourceDate "2023.10.10"]
[SourceVersion "1"]
[SourceVersionDate "2023.10.10"]
[SourceQuality "1"]

1. Nf3 Nf6 2. d4 g6 3. g3 Bg7 4. Bg2 0-0 5. 0-0 d5 6. c4 dxc4 7. Na3 c3 8. bxc3 c5 9. Bb2 Nc6 10. Re1 Qb6 11. Rb1 Be6 12. Qa4 Bxa2 13. Nc4 Qa6 14. Qxa6 bxa6 15. Nce5 Bxb1 16. Nxc6 Be4 17. Nxe7+ Kh8 18. Ne5 Rae8 19. N7c6 Bxg2 20. Kxg2 Nd5 21. Nd7 cxd4 22. c4 Nc3 23. Nxf8 Rxf8 24. e3 d3 25. Nd4 d2 26. Bxc3 dxe1Q 27. Bxe1 Rc8 0-1

[Event "Titled Tuesday intern op 25th Jul Early"]
[Site "Chess.com INT"]
[Date "2023.07.25"]
[Round "5"]
[White "Alvarado Diaz, Alejandro"]
[Black "Lisenkov, Svyatoslav"]
[Result "0-1"]
[WhiteElo "2464"]
[BlackElo "2137"]
[PlyCount "70"]
[EventDate "2023.07.25"]
[EventType "swiss (blitz)"]
[EventRounds "11"]
[EventCountry "USA"]
[SourceTitle "EXT 2024"]
[Source "ChessBase"]
[SourceDate "2023.10.10"]
[SourceVersion "1"]
[SourceVersionDate "2023.10.10"]
[SourceQuality "1"]

1. d4 Nf6 2. Bg5 h5 3. Bxf6 exf6 4. e3 d5 5. Nf3 c6 6. Bd3 Bd6 7. Nbd2 Be6 8. c4 Nd7 9. Rc1 g6 10. a3 f5 11. cxd5 cxd5 12. Qe2 Nf6 13. Ne5 Ne4 14. 0-0 h4 15. f3 Nxd2 16. Qxd2 h3 17. g3 Bxe5 18. dxe5 Qb6 19. Kh1 0-0 20. Rfe1 Rac8 21. Bf1 Qb3 22. Bxh3 Rfd8 23. Qd4 Rc2 24. Rxc2 Qxc2 25. Bf1 Rc8 26. Kg1 b6 27. Bd3 Qb3 28. Bf1 a5 29. Re2 Rc1 30. Kg2 Bd7 31. Rf2 Rd1 32. Qf4 Bb5 33. Bxb5 Qxb5 34. h4 Qc6 35. e6 Qc1 0-1

[Event "Titled Tuesday intern op 25th Jul Early"]
[Site "Chess.com INT"]
[Date "2023.07.25"]
[Round "3"]
[White "Lisenkov, Svyatoslav"]
[Black "Melikhov, Evgeny V"]
[Result "1-0"]
[WhiteElo "2137"]
[BlackElo "2252"]
[PlyCount "99"]
[EventDate "2023.07.25"]
[EventType "swiss (blitz)"]
[EventRounds "11"]
[EventCountry "USA"]
[SourceTitle "EXT 2024"]
[Source "ChessBase"]
[SourceDate "2023.10.10"]
[SourceVersion "1"]
[SourceVersionDate "2023.10.10"]
[SourceQuality "1"]

1. e4 e5 2. Nf3 Nc6 3. d4 exd4 4. Nxd4 Bc5 5. Nb3 Bb6 6. Nc3 a5 7. a4 Nf6 8. Bg5 d6 9. Nd5 Be6 10. Bxf6 gxf6 11. Nxb6 cxb6 12. Bb5 0-0 13. Bxc6 bxc6 14. Nd4 Qd7 15. Qf3 d5 16. 0-0-0 Bg4 17. Qxf6 Qd8 18. Qxd8 Raxd8 19. f3 c5 20. fxg4 cxd4 21. Rxd4 dxe4 22. Rxe4 f5 23. gxf5 Rxf5 24. Rhe1 Rf2 25. R4e2 Rf4 26. b3 b5 27. axb5 a4 28. Re8+ Rxe8 29. Rxe8+ Kf7 30. Rh8 axb3 31. cxb3 Rf1+ 32. Kd2 Rf2+ 33. Ke3 Rxg2 34. Rxh7+ Ke6 35. b6 Rb2 36. b7 Rxb3+ 37. Kd4 Kd6 38. h4 Kc6 39. h5 Rb4+ 40. Ke5 Rb5+ 41. Kf4 Rb4+ 42. Kf5 Rb5+ 43. Ke6 Rb1 44. h6 Re1+ 45. Kf5 Rf1+ 46. Ke4 Re1+ 47. Kf3 Rf1+ 48. Ke2 Rb1 49. Rg7 Kd6 50. h7 1-0

[Event "Moscow op-A 19th"]
[Site "Moscow"]
[Date "2023.07.21"]
[Round "6"]
[White "Lintchevski, Daniil"]
[Black "Lisenkov, Svyatoslav"]
[Result "1-0"]
[WhiteElo "2561"]
[BlackElo "2137"]
[PlyCount "145"]
[EventDate "2023.07.17"]
[EventType "swiss"]
[EventRounds "9"]
[EventCountry "RUS"]
[SourceTitle "CBM 215 Extra"]
[Source "ChessBase"]
[SourceDate "2023.09.30"]
[SourceVersion "1"]
[SourceVersionDate "2023.09.30"]
[SourceQuality "1"]

1. e4 c5 2. Nf3 e6 3. d4 cxd4 4. Nxd4 Nf6 5. Nc3 Nc6 6. a3 Be7 7. Nxc6 bxc6 8. e5 Nd5 9. Ne4 Qa5+ 10. c3 f5 11. Nd6+ Bxd6 12. exd6 Ba6 13. Qh5+ g6 14. Qh4 Bxf1 15. Rxf1 0-0 16. Bh6 Qb5 17. Qd4 e5 18. c4 Qb3 19. Qd2 Nf4 20. Bxf4 exf4 21. Qc3 Qxc3+ 22. bxc3 c5 23. 0-0-0 Rfe8 24. Rd5 Rac8 25. Kd2 Rc6 26. Rb1 Rb6 27. Rb5 Kf7 28. Rdxc5 Rxd6+ 29. Rd5 Rde6 30. Rxd7+ Kf6 31. Kc2 Rc8 32. c5 a6 33. Rb6 Rxc5 34. Rdd6 Rxd6 35. Rxd6+ Ke7 36. Rd4 g5 37. c4 Re5 38. Kd2 Ra5 39. Rd3 Ra4 40. Rc3 Kd6 41. Kc2 Ra5 42. Rh3 Re5 43. Kd3 Re1 44. Rh6+ Ke5 45. Rxa6 Rd1+ 46. Ke2 Ra1 47. Ra5+ Ke4 48. f3+ Kd4 49. h3 Kxc4 50. Rxf5 h6 51. Ra5 Ra2+ 52. Kf1 Kd3 53. a4 Ra1+ 54. Kf2 Ra2+ 55. Kg1 Ra1+ 56. Kh2 Ke2 57. h4 gxh4 58. Re5+ Kf2 59. a5 h5 60. Rxh5 Rg1 61. Rg5 Ra1 62. Re5 Ra2 63. Rh5 Kf1 64. Rg5 Kf2 65. Kh3 Ra1 66. Kxh4 Rg1 67. Kg4 Rxg2+ 68. Kxf4 Rh2 69. Ke4 Rh1 70. f4 Ra1 71. Rb5 Kg3 72. Kf5 Ra4 73. Kg5 1-0

[Event "Titled Tuesday intern op 11th Jul Early"]
[Site "Chess.com INT"]
[Date "2023.07.11"]
[Round "4"]
[White "Lisenkov, Svyatoslav"]
[Black "Antipov, Mikhail Al"]
[Result "0-1"]
[WhiteElo "2137"]
[BlackElo "2606"]
[PlyCount "60"]
[EventDate "2023.07.11"]
[EventType "swiss (blitz)"]
[EventRounds "11"]
[EventCountry "USA"]
[SourceTitle "EXT 2024"]
[Source "ChessBase"]
[SourceDate "2023.10.10"]
[SourceVersion "1"]
[SourceVersionDate "2023.10.10"]
[SourceQuality "1"]

1. e4 c5 2. Nf3 d6 3. d4 cxd4 4. Nxd4 Nf6 5. Nc3 a6 6. Be2 e6 7. Be3 Be7 8. 0-0 Qc7 9. f4 0-0 10. Qe1 b5 11. a3 Bb7 12. Bd3 Nbd7 13. Nb3 Rfe8 14. Qg3 Rac8 15. Rae1 Qb8 16. Nd4 Bf8 17. Qh3 Rxc3 18. bxc3 Nxe4 19. f5 e5 20. Nf3 f6 21. Bxe4 Bxe4 22. Nh4 Bxc2 23. Rf2 Bb3 24. Rd2 d5 25. Ng6 Bxa3 26. Rd3 hxg6 27. fxg6 Nf8 28. Bh6 Bc2 29. Rd2 Bxg6 30. Qg4 gxh6 0-1

[Event "Titled Tuesday intern op 11th Jul Early"]
[Site "Chess.com INT"]
[Date "2023.07.11"]
[Round "7"]
[White "Lisenkov, Svyatoslav"]
[Black "Fajdetic, Hrvoje"]
[Result "1-0"]
[WhiteElo "2137"]
[BlackElo "2151"]
[PlyCount "45"]
[EventDate "2023.07.11"]
[EventType "swiss (blitz)"]
[EventRounds "11"]
[EventCountry "USA"]
[SourceTitle "EXT 2024"]
[Source "ChessBase"]
[SourceDate "2023.10.10"]
[SourceVersion "1"]
[SourceVersionDate "2023.10.10"]
[SourceQuality "1"]

1. e4 c5 2. Nf3 a6 3. Nc3 Nc6 4. d4 cxd4 5. Nxd4 g6 6. Be3 Bg7 7. Nd5 d6 8. Nxc6 bxc6 9. Bb6 Qd7 10. Nc7+ Kf8 11. Nxa8 Qb7 12. Bd4 e5 13. Bc3 Ke7 14. f4 Qxa8 15. Bc4 Be6 16. Bxe6 Kxe6 17. fxe5 Bxe5 18. Bxe5 dxe5 19. 0-0 Nf6 20. Qf3 Qa7+ 21. Kh1 Qe7 22. Rad1 Rb8 23. Qh3+ 1-0

[Event "Titled Tuesday intern op 11th Jul Early"]
[Site "Chess.com INT"]
[Date "2023.07.11"]
[Round "8"]
[White "Szyszylo, Rafal"]
[Black "Lisenkov, Svyatoslav"]
[Result "1-0"]
[WhiteElo "2074"]
[BlackElo "2137"]
[PlyCount "87"]
[EventDate "2023.07.11"]
[EventType "swiss (blitz)"]
[EventRounds "11"]
[EventCountry "USA"]
[SourceTitle "EXT 2024"]
[Source "ChessBase"]
[SourceDate "2023.10.10"]
[SourceVersion "1"]
[SourceVersionDate "2023.10.10"]
[SourceQuality "1"]

1. e4 c5 2. Nc3 Nc6 3. Bb5 Nd4 4. Nf3 Nxb5 5. Nxb5 d5 6. exd5 a6 7. Nc3 Nf6 8. d4 Nxd5 9. Ne4 cxd4 10. Qxd4 e6 11. 0-0 Qb6 12. c4 Qxd4 13. Nxd4 Nf6 14. Nxf6+ gxf6 15. Be3 f5 16. Rfe1 Bg7 17. Rad1 Rg8 18. g3 Bd7 19. b3 0-0-0 20. Rd2 Bc6 21. f4 Be4 22. Kf2 Bf8 23. Nf3 Bb4 24. Rxd8+ Rxd8 25. Rc1 Ba3 26. Re1 Bb2 27. Ng5 Rf8 28. Nxe4 fxe4 29. Bc5 Rd8 30. Rxe4 Rd1 31. Re2 Bc3 32. Kf3 Rf1+ 33. Kg4 Kd7 34. Kg5 Kc6 35. Be7 Bg7 36. Rd2 h6+ 37. Kg4 Rh1 38. b4 Bc3 39. Rd6+ Kc7 40. c5 Rxh2 41. Bd8+ Kc8 42. Bb6 f5+ 43. Kf3 Bf6 44. Rxe6 1-0

[Event "Titled Tuesday intern op 11th Jul Early"]
[Site "Chess.com INT"]
[Date "2023.07.11"]
[Round "6"]
[White "Topalov, Aleksandar"]
[Black "Lisenkov, Svyatoslav"]
[Result "1-0"]
[WhiteElo "2233"]
[BlackElo "2137"]
[PlyCount "115"]
[EventDate "2023.07.11"]
[EventType "swiss (blitz)"]
[EventRounds "11"]
[EventCountry "USA"]
[SourceTitle "EXT 2024"]
[Source "ChessBase"]
[SourceDate "2023.10.10"]
[SourceVersion "1"]
[SourceVersionDate "2023.10.10"]
[SourceQuality "1"]

1. b3 e5 2. Bb2 Nc6 3. c4 Nf6 4. e3 a6 5. Nf3 e4 6. Nd4 Nxd4 7. Bxd4 c5 8. Bb2 Be7 9. Qc2 0-0 10. Nc3 Re8 11. Nxe4 d6 12. Bd3 h6 13. 0-0 b6 14. Ng3 d5 15. cxd5 Qxd5 16. Bxf6 Bxf6 17. Be4 Rxe4 18. Qxe4 Qxe4 19. Nxe4 Bxa1 20. Rxa1 Bb7 21. Nc3 Rd8 22. Rd1 b5 23. f3 Bc6 24. d4 cxd4 25. exd4 b4 26. Ne4 a5 27. Kf2 a4 28. bxa4 Bxa4 29. Rd2 Bc6 30. Nc5 Bd5 31. Nd3 b3 32. axb3 Bxb3 33. Ke3 Re8+ 34. Kf2 Bc4 35. Ne5 Bd5 36. Nd3 Rd8 37. Nb4 Bb7 38. d5 Kf8 39. Ke3 Ke7 40. Kd4 Kd6 41. Rb2 Rc8 42. Re2 Ba6 43. Rc2 Rb8 44. Rc6+ Kd7 45. Nxa6 Rb2 46. Nc5+ Kd8 47. Rd6+ Ke7 48. Rd7+ Ke8 49. Ra7 Rd2+ 50. Ke5 Rxg2 51. d6 f6+ 52. Ke6 Re2+ 53. Kd5 Kf8 54. Ra8+ Kf7 55. d7 Rd2+ 56. Kc6 Ke7 57. d8Q+ Kf7 58. Qe8# 1-0